| 000 | 00797 a2200169 4500 | ||
|---|---|---|---|
| 003 | Nust | ||
| 005 | 20170207153425.0 | ||
| 040 | _cNust | ||
| 082 | _a371.62 | ||
| 100 | _aA. H. Garlick | ||
| 245 |
_aA new manual of method _bManual of Method _cA.H.Garlick, |
||
| 260 |
_aNew York _bLongs man _c1916 |
||
| 300 | _a378,p; | ||
| 505 | _aSchool Economy (Page-1) Discipline (Page-12) Classification (page-38) Method (page-48) Method .Class Teaching (Page-57) Object Lessons (Page-66) Kindergarten (page-79) Arithmetic (Page-91) Reading (page-153) Spelling (page-184) Writing (Page-195) Geography (Page-217) History (Page-258) English (Page-277) Difference Between Object lessons and Elementary Science (Page-308) Music (Page-316) | ||
| 538 | _aAlmirah No.55, Shelf No.3 | ||
| 650 | _aA new manual of method | ||
| 942 |
_2ddc _cBK |
||
| 999 |
_c185879 _d185879 |
||